Sale of Ships (Record no. 90341)

MARC details
000 -LEADER
fixed length control field a
005 - DATE AND TIME OF LATEST TRANSACTION
control field 20190629151010.0
008 - FIXED-LENGTH DATA ELEMENTS--GENERAL INFORMATION
fixed length control field 190604b ||||| |||| 00| 0 eng d
020 ## - INTERNATIONAL STANDARD BOOK NUMBER
International Standard Book Number 9780414034136
080 ## - UNIVERSAL DECIMAL CLASSIFICATION NUMBER
Universal Decimal Classification number 347.791.1(41)
Item number STR R
110 ## - MAIN ENTRY--CORPORATE NAME
Corporate name or jurisdiction name as entry element Strong, Malcolm
245 ## - TITLE STATEMENT
Title Sale of Ships
Remainder of title The Norwegian Saleform
250 ## - EDITION STATEMENT
Edition statement 3rd ed
260 ## - PUBLICATION, DISTRIBUTION, ETC. (IMPRINT)
Name of publisher, distributor, etc Sweet & Maxwell
Place of publication, distribution, etc London
Date of publication, distribution, etc 2016
300 ## - PHYSICAL DESCRIPTION
Extent xli, 503p.
653 ## - INDEX TERM--UNCONTROLLED
Uncontrolled term Sales- Ships
653 ## - INDEX TERM--UNCONTROLLED
Uncontrolled term Commercial goods act
700 ## - ADDED ENTRY--PERSONAL NAME
Personal name Herring, Paul
942 ## - ADDED ENTRY ELEMENTS (KOHA)
item type Reference
Holdings
Lost status Source of classification or shelving scheme Not for loan Home library Current library Date acquired Cost, normal purchase price Total Checkouts Full call number Barcode Date last seen Cost, replacement price Price effective from Koha item type
  Universal Decimal Classification   University Library University Library 15/02/2018 0.00   347.791.1(41) STR R 00080076 15/02/2018 0.00 15/02/2018 Reference
University Library, CUSAT